Central Library OPAC University of Rajshahi

حاجی بغلول ;; Haji Baghlool / (Record no. 86076)

MARC details
000 -LEADER
fixed length control field 00598nam a2200205 4500
001 - CONTROL NUMBER
control field 86076
003 - CONTROL NUMBER IDENTIFIER
rucl marc code BD-RjUL
005 - DATE AND TIME OF LATEST TRANSACTION
control field 20260108111754.0
008 - FIXED-LENGTH DATA ELEMENTS--GENERAL INFORMATION
fixed length control field 260108s1961 pk ||||| |||| 001 e urd d
035 ## - SYSTEM CONTROL NUMBER
System control number (BD-RjUL) 86076
040 ## - CATALOGING SOURCE
Original cataloging agency BD-RjUL
Language of cataloging eng
Transcribing agency BD-RjUL
041 ## - LANGUAGE CODE
Language code of text/sound track or separate title urd
082 ## - DEWEY DECIMAL CLASSIFICATION NUMBER
Edition number 23
Classification number 8912.43909
Author mark and year JAH 1961
100 ## - MAIN ENTRY--PERSONAL NAME
Personal name جالبی ، جمیل ;; Jalibi, Jamil
9 (RLIN) 17579
245 ## - TITLE STATEMENT
Title حاجی بغلول ;; Haji Baghlool /
Statement of responsibility, etc. جمیل جالبی ;; Jamil Jalibi
260 ## - PUBLICATION, DISTRIBUTION, ETC. (IMPRINT)
Place of publication, distribution, etc. Karachi :
Name of publisher, distributor, etc. Mushtaq book,
Date of publication, distribution, etc. 1961
300 ## - PHYSICAL DESCRIPTION
Pagination 296 p. ;
Size 17 cm
650 ## - SUBJECT ADDED ENTRY--TOPICAL TERM
Topical term or geographic name as entry element Urdu Literature
942 ## - ADDED ENTRY ELEMENTS (KOHA)
Source of classification or shelving scheme Dewey Decimal Classification
Koha item type Books
Holdings
Lost status Source of classification or shelving scheme Damaged status Not for loan Collection code Permanent Location Current Location Shelving location Date acquired Source of acquisition Cost, normal purchase price Total Checkouts Full call number Date last seen Copy number Koha item type
  Dewey Decimal Classification   Not For Loan Non-fiction Central Library, University of Rajshahi Central Library, University of Rajshahi Reading Room 01/06/1967 book corporation 4.50   891..43909 JAH 1961 08/01/2026 C-1 Books